Estadísticas para Quién soy ? #02

Haz click aquí para intentar la prueba.

Estadísticas generales

  • Esta prueba ha sido intentada 70 veces
  • La puntuación promedio es 4 de 5

Estadísticas de respuestas

PistasPersonaje% Correcto
Soy un personaje de una novela española.
Soy de un pobre hidalgo (señor) de La Mancha.
Estoy obsesionado con los libros de caballerías, que colecciono en mi biblioteca de forma enfermiza.
Un buen día me tomo por el caballero errante Don Quijote, cuya misión es viajar por España para combatir el mal y proteger a los oprimidos.
Salgo al camino, montado en mi viejo caballo Rossinante, y tomo por escudero a un ingenuo labriego, Sancho Panza, que monta un burro.
Veo en la posada más pequeña un castillo encantado, tomo a las hijas de los campesinos por bellas princesas ya los molinos de viento por gigantes enviados por malvados magos. Hago a una campesina de mi tierra, Dulcinea del Toboso, a quien nunca conoceré, la señora de mis pensamientos a quien juro amor y fidelidad.
Yo soy...
Alonso Quichano / Don Quijote de la Mancha
100%
Nací en Salzburgo el 27 de enero de 1756 y morí en Viena el 5 de diciembre de 1791.
Soy un compositor austríaco.
Viajo desde los siete años a los cuatro rincones de Europa donde cautivó al público.
Dejé una obra impresionante (893 obras figuran en el catálogo de Köchel), que abarca todos los géneros musicales de mi tiempo.
Según mis contemporáneos, yo era, tanto en el piano como en el violín, un virtuoso.
Llevé a un punto de perfección el concierto, la sinfonía y la sonata, que después de mí se convirtieron en las formas principales de la música clásica.
Fui uno de los más grandes maestros de la ópera.
Mi éxito nunca ha vacilado.
Mi nombre ha entrado en el lenguaje común como sinónimo de genio y virtuosismo.
Yo soy...
Wolfgang Amadeus Mozart ou Johannes Chrysostomus Wolfgangus Theophilus Mozart
97%
Nací el 22 de mayo de 1987 en Belgrado.
Soy tenista profesional.
Soy el primer jugador en el ranking ATP.
Estoy con Roger Federer y Rafael Nadal, considerado uno de los mejores tenistas de todos los tiempos.
He ganado 86 títulos individuales en el ATP Tour, incluidos 20 Grand Slams, cinco Masters y 37 Masters 1000.
Yo soy...
Novak Djokovic
67%
Nací el 26 de febrero de 1802 en Besançon y morí el 22 de mayo de 1885 en París.
Soy un poeta, dramaturgo, escritor, novelista y dibujante romántico francés.
Soy considerado uno de los escritores más importantes en lengua francesa.
Soy también una personalidad política y un intelectual comprometido que tuvo un importante papel ideológico y ocupa un lugar destacado en la historia de la literatura francesa del siglo XIX.
En el teatro me consolidé como uno de los líderes del romanticismo francés, mi obra poética incluye varias colecciones de poemas líricos, como novelista conocí un gran éxito popular, primero con Notre-Dame de Paris en 1831, y más con Los Miserables en 1862.
Yo soy...
Victor Hugo
45%
Soy un personaje de ficción, heroína y narradora de una trilogía escrita por Suzanne Collins.
Nací el 8 de mayo en el Distrito 12.
Mi padre murió en las minas.
Salvé a mi hermana pequeña Primrose de los Juegos del Hambre.
Yo soy...
Katniss Everdeen
41%

Distribución de puntuación

Porcentaje por número respondido

Porcentaje de gente con cada puntuación

Historial de tus puntuaciones

No has intentado esta prueba.